000 01002nam0a22002411 4500
001 rc\3921218
005 20260406160753.0
035 _a(NLR Aleph) 007913226
090 _a8110711
_c8110711
100 _a20130415a19479999|||y0rusy50 ca
101 0 _arus
102 _aRU
105 _ay z |||||
200 1 _aУченые записки
_eВып. 1-
_fБурят-Монгол. гос. пед. ин-т им. Доржи Банзарова
210 _aУлан-Удэ
_cБурмонгиз
_d1947-
215 _d20
710 0 2 _aБурятский педагогический институт им. Д. Банзарова
_cУлан-Удэ
_3RU\NLR\AUTH\889932130
_9359600
801 0 _aRU
_bNLR
_gpsbo
801 1 _aRU
_bELAR
_2rusmarc
830 _aПеречень имеющихся в библиотеке томов, номеров, годов этого издания смотри в каталоге периодических изданий
852 _aNLR
_jП28/414
942 _cBOOK
980 _aNB